Anglia - Wszyscy zdobywcy trofeów w XXI wieku - Statystyki

Ogólne statystyki
  • Ten quiz został rozwiązany 42 razy
  • Średni wynik to 11 z 16
Statystyki odpowiedzi
Trofea Łącznie Klub % Poprawnych
2x Mistrzostwo Anglii7x FA Cup 7x Tarcza Wspólnoty 16 Arsenal
100%
8x Mistrzostwo Anglii1x Liga Mistrzów 1x Klubowe MŚ
3x FA Cup 6x Puchar Ligi Angielskiej 4x Tarcza Wspólnoty
23 Manchester City
100%
8x Mistrzostwo Anglii1x Liga Mistrzów 1x Liga Europy 1x Klubowe MŚ
3x FA Cup 5x Puchar Ligi Angielskiej 7x Tarcza Wspólnoty
26 Manchester United
100%
5x Mistrzostwo Anglii2x Liga Mistrzów 2x Liga Europy 1x Liga Konferencji 2x Klubowe MŚ
6x FA Cup 3x Puchar Ligi Angielskiej 3x Tarcza Wspólnoty
24 Chelsea
98%
1x Liga Europy 1x Puchar Ligi Angielskiej 2 Tottenham Hotspur
98%
2x Mistrzostwo Anglii2x Liga Mistrzów 1x Puchar 1x Klubowe MŚ
3x FA Cup 5x Puchar Ligi Angielskiej 3x Tarcza Wspólnoty
17 Liverpool
95%
1x Mistrzostwo Anglii1x FA Cup 1x Puchar Ligi Angielskiej 1x Tarcza Wspólnoty 4 Leicester City
90%
1x Puchar Ligi Angielskiej 1 Newcastle United
80%
1x Liga Konferencji 1 West Ham United
80%
1x FA Cup1x Tarcza Wspólnoty 2 Crystal Palace
78%
1x Puchar Ligi Angielskiej 1 Blackburn Rovers
37%
1x Puchar Ligi Angielskiej 1 Birmingham City
32%
1x Puchar Ligi Angielskiej 1 Swansea City
32%
1x FA Cup 1 Wigan Athletic
32%
1x Puchar Ligi Angielskiej 1 Middlesbrough
20%
1x FA Cup 1 Portsmouth
20%
Nie znaleziono quizów pasujących do podanych kryteriów
Rozkład punktacji
Procent ludzi z każdym wynikiem
Percentyl według liczby udzielonych odpowiedzi
Twoja historia wyników
Nie rozwiązałeś tego quizu